| 000 | 01202cam a2200337 a 4500 | ||
|---|---|---|---|
| 001 | 3177 | ||
| 003 | FISKH | ||
| 005 | 20240215145400.0 | ||
| 008 | 900208s1991 nyua j b 001 0beng | ||
| 010 | _a 90008142 | ||
| 020 | _a039921769X : | ||
| 020 | _a04391499134 | ||
| 040 |
_aDLC _cDLC _dDLC _beng |
||
| 042 | _alcac | ||
| 043 | _an-us--- | ||
| 050 | 0 | 0 |
_aE757 _b.F85 1991 |
| 082 | 0 | 0 |
_a973.91/1/092 _aB _a92 _220 |
| 100 | 1 | _aFritz, Jean. | |
| 245 | 1 | 0 |
_aBully for you, Teddy Roosevelt! / _cJean Fritz ; illustrations by Mike Wimmer. |
| 250 | _aFirst Scholastic printing, September 1992 | ||
| 260 |
_aNew York : _bScholastic, _c1991 |
||
| 300 |
_a127 pages : _billustrations ; _c20 cm |
||
| 520 | _aFollows the life of the dynamic twenty-sixth president, discussing his conservation work, hunting expeditions, family life, and political career. | ||
| 600 | 1 | 0 |
_aRoosevelt, Theodore, _d1858-1919 _xJuvenile literature. |
| 600 | 1 | 1 |
_aRoosevelt, Theodore, _d1858-1919. |
| 650 | 0 |
_aPresidents _zUnited States _xBiography _xJuvenile literature. |
|
| 650 | 1 | _aPresidents. | |
| 700 | 1 |
_aWimmer, Mike, _eillustrator |
|
| 906 |
_a7 _bcbc _corignew _d1 _eocip _f19 _gy-gencatlg |
||
| 942 |
_2ddc _cBK _n0 |
||
| 999 |
_c3177 _d3177 |
||